La segunda vida de Bree Tanner / (Registro nro. 10658)

Detalles MARC
000 -LIDER
fixed length control field 01118cam a2200361 i 4500
001 - NÚMERO DE CONTROL
Identificador de número de control 0000469
003 - IDENTIFICACDOR DE NÚMERO DE CONTROL
control field DO-SdBNP
005 - DATE AND TIME OF LATEST TRANSACTION
control field 20230210105142.0
007 - CAMPOS FIJOS DE DESCRIPCIÓN FÍSICA
fixed length control field 0000469
008 - ELEMENTOS DE LONGITUD FIJA
fixed length control field 100514s 2010 xxu | |||| 000 f spa
015 ## - NÚMERO DENTRO DE LA BIBLIOGRAFÍA NACIONAL
National bibliography number
017 ## - NÚMERO DE REGISTRO DE DERECHOS DE AUTOR
Copyright or legal deposit number
Assigning agency
020 ## - ISBN
International Standard Book Number 9781616051426
035 ## - NÚMERO LOCAL
System control number
040 ## - FUENTE DE CATALOGACIÓN
Agencia que crea de manera original el registro BPMSU
Idioma de catalogación spa
Agencia que realiza la transcripción BPMSU
Convenciones de la despripción
080 ## - NÚMERO DE CLASIFICACIÓN DECIMAL UNIVERSAL
Universal Decimal Classification number
082 ## - NÚMERO DE CLASIFICACIÓN DECIMAL DE DEWEY
Classification number 813.5
Item number M612s 2010
Edition number 22
100 1# - ASIENTO PRINCIPAL -- NOMBRE PERSONAL
Nombre personal Meyer, Stephenie
240 12 - TITULO UNIFORME
Título uniforme The short second life of Bree Tanner: an eclipse
Idioma de una obra
245 13 - MENCIÓN DE TITULO
Título La segunda vida de Bree Tanner /
Mención de responsabilidad Stephenie Meyer ; ilustraciones ; traducción Julio Hermoso Oliveras
260 ## - PUBLICACIÓN, DISTRIBUCIÓN, ETC. (PIE DE IMPRENTA)
Lugar de publicación, distribución, etc Estados Unidos:
Nombre del editor, distribuidor, etc. Alfaguara,
Fecha de publicación, distribución, etc 2010.
300 ## - DESCRIPCIÓN FÍSICA
Extensión 225 p.;
Dimensiones 22 cm
490 #0 - MENCIÓN DE SERIES
Mención de serie Saga crespúsculo
500 ## - NOTA GENERAL
Nota general Una novela de eclipse, Best Seller Mundial de la saga crepúsculo.
590 ## - NOTA LOCAL
Enlace Inventariado, 2023/VM
650 #4 - ENCABEZAMIENTO DE MATERIA--TEMÁTICO
Término temático o nombre geográfico como elemento de entrada Novela estadounidense
650 #4 - ENCABEZAMIENTO DE MATERIA--TEMÁTICO
Término temático o nombre geográfico como elemento de entrada Vampiros
Subdivisión de forma Novela
650 #4 - ENCABEZAMIENTO DE MATERIA--TEMÁTICO
Término temático o nombre geográfico como elemento de entrada Relaciones interpersonales
Subdivisión de forma Novela
650 #4 - ENCABEZAMIENTO DE MATERIA--TEMÁTICO
Término temático o nombre geográfico como elemento de entrada Monstruos
Subdivisión de forma Novela
700 1# - ASIENTO SECUNDARIO -- NOMBRE PERSONAL
Nombre personal Hermoso Oliveras, Julio
Mención de responsabilidad trad.
9 (RLIN) 25
910 ## - VALIDACIÓN
Validación VMateo V. /Control de calidad
942 ## - ADDED ENTRY ELEMENTS (KOHA)
Source of classification or shelving scheme Dewey Decimal Classification
Koha item type Libros
Existencias
Withdrawn status Lost status Source of classification or shelving scheme Damaged status Not for loan Collection code Home library Current library Date acquired Source of acquisition Full call number Barcode Date last seen Price effective from Koha item type Copy number
    Dewey Decimal Classification     Colección General Biblioteca Pública Metropolitana Salomé Ureña Biblioteca Pública Metropolitana Salomé Ureña 07/04/2016 Alfaguara BPMSU CD 813.5 M612s 2010 BPMSU16070031 07/04/2016 07/04/2016 Libros  
    Dewey Decimal Classification     Colección General Biblioteca Pública Metropolitana Salomé Ureña Biblioteca Pública Metropolitana Salomé Ureña 07/04/2016 Alfaguara BPMSU CD 813.5 M612s 2010 BPMSU16070032 07/04/2016 07/04/2016 Libros e.2
    Dewey Decimal Classification     Colección General Biblioteca Pública Metropolitana Salomé Ureña Biblioteca Pública Metropolitana Salomé Ureña 08/26/2016 Alfaguara BPMSU CD 813.5 M612s 2010 BPMSU16080222 08/26/2016 08/26/2016 Libros e.3